| 000 | 00534nam a2200181 i 4500 | ||
|---|---|---|---|
| 001 | 145920 | ||
| 003 | ES-MaACL | ||
| 005 | 20230906201346.0 | ||
| 007 | t| | ||
| 008 | 071018s1952 sp f d |||| | spa d | ||
| 080 | _a082.22(038) | ||
| 100 | 1 |
_aVega, Vicente. _9113585 |
|
| 245 | 1 | 0 |
_aDiccionario ilustrado de frases célebres y citas literarias / _cVicente Vega. |
| 260 |
_aBarcelona : _bGustavo Gili, _c1952. |
||
| 300 |
_aXV, 939 p., 44 lám. ; _c23 cm. |
||
| 650 | 4 |
_aCitas- _vDiccionarios. _911062 |
|
| 852 |
_aES-MaACL _jC-5901 |
||
| 999 |
_c145920 _d145920 |
||